• 首页
  • 本馆介绍
  • 公告通知
  • 最新文献
  • 馆藏检索
  • 电子资源
  • 读者导购
  • 参考咨询
  • 我的图书馆
  • 登录
  • 详细信息显示
  • 放入我的书架
  • 预约/预借图书
  • 作者相关作品
  • 分类相关作品
  • 丛书相关作品
  • 出版社相关作品

书目信息

  • 表格格式
  • 工作单格式
  • 卡片格式
题名:
钓鱼岛冲突的起点
    
 
作者: 矢吹晋 著 ;张小苑 译
分册:  
出版信息: 北京   社会科学文献出版社  2016
页数: 228页
开本: 23cm
丛书名: 中日历史问题译丛
单 册:
中图分类: D823
科图分类:
主题词: 钓鱼岛问题--diao yu dao wen ti--研究
电子资源:
ISBN: 978-7-5097-7536-3
000 01049nam0 22002771 450
001 1760935946
005 20170619171934.0
010    @a978-7-5097-7536-3@dCNY59.00
100    @a20160516d2016 em y0chiy50 ea
101 1  @achi@cjpn
102    @aCN@b110000
105    @ay z 000yy
106    @ar
200 1  @a钓鱼岛冲突的起点@9diao yu dao chong tu de qi dian@e冲绳返还@f(日)矢吹晋著@g张小苑等译
210    @a北京@c社会科学文献出版社@d2016
215    @a228页@d23cm
225 2  @a中日历史问题译丛@9zhong ri li shi wen ti yi cong
330    @a本书主要内容包括:尖阁冲突始于冲绳返还、美国处理冲绳问题的构思、占领时期冲绳残留主权的形成、尖阁列岛何以成为问题、“冲绳国会”的尖阁讨论、冲绳返还交涉的缺陷等。
461  0 @12001 @a中日历史问题译丛
517 1  @a冲绳返还@9chong sheng fan hai
606 0  @a钓鱼岛问题@9diao yu dao wen ti@x研究
690    @aD823@v5
701  0 @c(日)@a矢吹晋@9shi chui jin@f(1938~)@4著
702  0 @a张小苑@9zhang xiao yuan@c(女,@f1970~)@4译
801  0 @aCN@b百万庄@c20170617
905    @b1013676-8@dD823@e164@f3
    
    钓鱼岛冲突的起点:冲绳返还/(日)矢吹晋著/张小苑等译.-北京:社会科学文献出版社,2016
    228页;23cm.-(中日历史问题译丛)
    
    
    ISBN 978-7-5097-7536-3:CNY59.00
    本书主要内容包括:尖阁冲突始于冲绳返还、美国处理冲绳问题的构思、占领时期冲绳残留主权的形成、尖阁列岛何以成为问题、“冲绳国会”的尖阁讨论、冲绳返还交涉的缺陷等。
●
相关链接 在E读中查询图书 在五车中查询图书 在当当中查询图书 在豆瓣中查询图书


正题名:钓鱼岛冲突的起点     索取号:D823/164         预约/预借

序号 登录号 条形码 馆藏地/架位号 状态 备注
1 1013676   210136761   第一样本阅览室/ [索取号:D823/164] 在馆    
2 1013677   210136770   教育系资料室/ [索取号:D823/164] 在馆    
3 1013678   210136789   第一借阅区/ [索取号:D823/164] 在馆    
唐山师范学院图书馆 欢迎您!
大连网信软件有限公司© 版权所有